Europäische Hauptstädte, die mit Doppelkonsonanten beginnen - Statistiken

Allgemein
  • Dieses Quiz wurde 1.068 mal gespielt
  • Das Durchschnittsergebnis liegt bei 5 aus 8
Antwortstatistiken
Hauptstadt % Korrekt
Stockholm
86%
Brüssel
73%
Prag
73%
Bratislava
69%
Ljubljana
61%
Pristina
58%
Skopje
52%
Chișinău
48%
Keine übereinstimmenden Quizze gefunden
Verteilung der Resultate
Anzahl Personen mit jedem Resultat
Perzentil nach korrekt beantworteten Fragen
Ihre Resultats-Entwicklung
Sie haben dieses Quiz noch nicht gespielt